[Event "Kusadasi op"]
[Site "Kusadasi"]
[Date "1990.??.??"]
[Round "5"]
[White "Vasiukov, Evgeni"]
[Black "Novikov, Igor A"]
[Result "1/2-1/2"]
[WhiteElo "2545"]
[BlackElo "2550"]

1.e4 c5 2.c3 d5 3.exd5 Qxd5 4.d4 e6 5.Nf3 Nf6 6.Be2 cxd4 7.cxd4 Nc6 8.O-O Be7
9.Nc3 Qd6 10.Nb5 Qd8 11.Bf4 Nd5 12.Bg3 O-O 13.Rc1 Bd7 14.Qd2 a6 15.Nc3 Nxc3
16.bxc3 b5 17.Rfd1 Rc8 18.c4 bxc4 19.Bxc4 Nb4 20.a3 Nd5 21.Bxa6 Rxc1 22.Rxc1  1/2-1/2

[Event "Moscow op"]
[Site "Moscow"]
[Date "1990.??.??"]
[Round "?"]
[White "Donchenko, Anatoly G"]
[Black "Novikov, Igor A"]
[Result "1/2-1/2"]
[WhiteElo "2315"]
[BlackElo "2575"]

1.Nf3 d5 2.d4 Nf6 3.c4 e6 4.e3 c5 5.dxc5 Bxc5 6.a3 a5 7.Nc3 O-O 8.Bd3 Qe7
9.Qc2 Nc6 10.O-O h6 11.b3 Rd8 12.Bb2 Bd7 13.h3 Rac8 14.Qe2 Be8 15.cxd5 exd5
16.Nb5 Ne4 17.Rac1 Bd7 18.a4 Re8 19.Nbd4 Bd6 20.Rfd1 Bb8 21.Ba1 Nxd4 22.Bxd4 Rc6
23.Rxc6 bxc6 24.Qb2 f6 25.Bf1 Qb4 26.Qc2 Qd6 27.g3 Bf5 28.Qe2 Bc7 29.Ba1 Rb8
30.Bg2 Qd7 31.g4 Bg6 32.Nd4 Qd6 33.Rc1 Nc5 34.Qd1 Qh2+ 35.Kf1 Bd3+ 36.Ne2 Bxe2+
37.Qxe2 Nxb3 38.Rd1 Nxa1 39.Rxa1 Qd6 40.Rc1 Kh8 41.Qc2 Rb6 42.Qf5 Rb4 43.Qc8+ Kh7
44.Qa6 Rxa4 45.Qxc6 Qxc6  1/2-1/2

[Event "Moscow op"]
[Site "Moscow"]
[Date "1990.??.??"]
[Round "?"]
[White "Lerner, Konstantin Z"]
[Black "Novikov, Igor A"]
[Result "1/2-1/2"]
[WhiteElo "2545"]
[BlackElo "2575"]

1.c4 e6 2.g3 d5 3.Bg2 c6 4.Qc2 c5 5.b4 dxc4 6.bxc5 Bxc5 7.Nf3 Nf6 8.Qxc4 Qc7
9.Na3 O-O 10.O-O Qe7 11.Nc2 Nc6 12.d4 Bd6 13.Rb1 Rd8 14.Bf4 Bxf4 15.gxf4 Nd5
16.e3 Na5 17.Qd3 b6 18.Ng5 g6 19.Rfc1 Bb7 20.Qa3 Qd7 21.Ne1 Rac8 22.Nef3 f6
23.Ne4 Kg7 24.Nfd2 Ne7 25.Rxc8 Nxc8 26.Rc1 Bd5 27.Nc3 Bxg2 28.Kxg2 Nd6 29.Nce4 Nf5
30.Qc3 Qe7 31.Nf3 Rd7 32.Ng3 Nd6 33.e4 Ne8 34.Qe3 Rc7 35.Rxc7 Qxc7 36.d5 exd5
37.exd5 Qd7 38.Qd3 Nc7 39.d6 Ne8 40.Ne4 Nb7 41.Qd5 Nbxd6 42.Nd4 Qb7 43.Qxb7+ Nxb7
44.f5 Ned6 45.Nxd6 Nxd6 46.fxg6 hxg6 47.Kf3 f5 48.Nc6 a5 49.Ke3 Kf6 50.f4 Ne4
51.Ne5 b5 52.Nc6 a4 53.h4 Nc3 54.Nb4 Ke6 55.Kd4 Ne2+ 56.Ke3 Ng3 57.Nc6 Kd6
58.Ne5 b4 59.Kd3 Kc5 60.Nxg6 Nh5 61.Ne7 Ng7 62.Ng6 Nh5  1/2-1/2

[Event "Aarhus op"]
[Site "Aarhus"]
[Date "1991.??.??"]
[Round "1"]
[White "Novikov, Igor A"]
[Black "Hansen, Carsten"]
[Result "1-0"]
[WhiteElo "2545"]
[BlackElo "2300"]

1.d4 Nf6 2.c4 c5 3.d5 b5 4.cxb5 a6 5.e3 g6 6.Nc3 Bg7 7.a4 O-O 8.Bc4 Bb7 9.Nge2 e6
10.Rb1 axb5 11.axb5 Ng4 12.Nf4 Nxf2 13.Kxf2 e5 14.Re1 exf4 15.exf4 Bd4+ 16.Be3 Qh4+
17.Kg1 Bxe3+ 18.Rxe3 Qxf4 19.Qe2 d6 20.Ne4 f5 21.g3 Qg4 22.Qxg4 fxg4 23.Nxd6  1-0

[Event "Aarhus op"]
[Site "Aarhus"]
[Date "1991.??.??"]
[Round "8"]
[White "Novikov, Igor A"]
[Black "Madl, Ildiko"]
[Result "1-0"]
[WhiteElo "2545"]
[BlackElo "2380"]

1.d4 Nf6 2.c4 e6 3.Nf3 c5 4.d5 exd5 5.cxd5 d6 6.Nc3 g6 7.h3 Bg7 8.e4 O-O
9.Bd3 a6 10.a4 Nbd7 11.O-O Re8 12.Re1 h6 13.Bf4 Qc7 14.Nd2 Nh5 15.Bh2 Be5
16.Nc4 Bxh2+ 17.Kxh2 Ne5 18.Nxe5 Rxe5 19.Qd2 Kg7 20.f4 Re8 21.Bc4 Qe7 22.g3 Qf6
23.Rad1 Bd7 24.Be2 Kh7 25.e5 dxe5 26.Ne4 Qg7 27.Bxh5 gxh5 28.Nxc5 exf4 29.Qd3+ f5
30.gxf4 Rxe1 31.Rxe1 Rg8 32.Qf3 Qxb2+ 33.Qe2 Qc3 34.Qe3 Qb2+ 35.Re2 Qg7 36.Qe7 Kh8
37.Qe5 Kh7 38.Qxg7+ Rxg7 39.d6 Bc6 40.Rd2 Bd7 41.a5 Kh8 42.Nxb7 Bb5 43.Nc5 Rg8
44.d7 Rd8 45.Kg3  1-0

[Event "Beijing op"]
[Site "Beijing"]
[Date "1991.??.??"]
[Round "3"]
[White "Novikov, Igor A"]
[Black "Li Zunian"]
[Result "1/2-1/2"]
[WhiteElo "2545"]
[BlackElo "2405"]

1.d4 d5 2.c4 e6 3.Nf3 Nf6 4.Nc3 Be7 5.Bg5 O-O 6.e3 h6 7.Bh4 b6 8.Bd3 Bb7
9.O-O Nbd7 10.Bg3 c5 11.Qe2 dxc4 12.Bxc4 a6 13.a4 cxd4 14.Nxd4 Nc5 15.Rfd1 Qe8
16.f3 Nd5 17.Bxd5 exd5 18.Nf5 Nb3 19.Nxe7+ Qxe7 20.Ra3 Nc5 21.Nxd5 Bxd5 22.Rxd5 Rfd8
23.Rxd8+ Rxd8 24.h3 Rd7 25.a5 Qd8 26.b4 Rd2 27.Qc4 Ne6 28.Qxa6 Ng5 29.Qb7 Rc2
30.Qb8 Nxf3+ 31.gxf3 Rc1+  1/2-1/2

[Event "Beijing op"]
[Site "Beijing"]
[Date "1991.??.??"]
[Round "9"]
[White "Novikov, Igor A"]
[Black "Wang Pin"]
[Result "1-0"]
[WhiteElo "2545"]
[BlackElo "2220"]

1.d4 Nf6 2.c4 e6 3.Nf3 b6 4.g3 Bb7 5.Bg2 Be7 6.O-O O-O 7.b3 c5 8.Nc3 Ne4
9.Bb2 Bf6 10.Rc1 d6 11.Qd3 Nxc3 12.Bxc3 Nd7 13.Rfd1 Qc7 14.dxc5 Nxc5 15.Qe3 Bxc3
16.Rxc3 Rfd8 17.Rc2 a6 18.Ne1 Bxg2 19.Nxg2 Qc6 20.Rcd2 b5 21.Qf4 Nb7 22.Ne3 bxc4
23.Nxc4 d5 24.Qxf7+ Kh8 25.Ne5 Qb6 26.Rd4 h6 27.Rh4 Rg8 28.Ng6+ Kh7 29.Ne7  1-0

[Event "Belgorod"]
[Site "Belgorod"]
[Date "1991.??.??"]
[Round "?"]
[White "Novikov, Igor A"]
[Black "Maciejewski, Andrzej"]
[Result "1/2-1/2"]
[WhiteElo "2545"]
[BlackElo "2435"]

1.d4 g6 2.e4 Bg7 3.c4 d6 4.Nc3 c6 5.Be3 a6 6.a4 a5 7.Qd2 Nf6 8.f3 Na6 9.Rd1 Nd7
10.Bd3 e5 11.Nge2 O-O 12.O-O exd4 13.Nxd4 Ne5 14.Be2 Re8 15.Kh1 Nc5 16.Qc2 Qb6
17.Rd2 Qb4 18.b3 Ned7 19.Na2 Qb6 20.Bg1 Nf8 21.Nc1 Bd7 22.Bf2 Rac8 23.Qd1 Bh6
24.Rc2 Qd8 25.Nd3 Bg7 26.Re1 Qf6 27.Bf1 Rcd8 28.Rd2 Bh6 29.Rde2 Nfe6 30.Nxe6 Bxe6
31.Qc2 Nd7 32.Rd1 d5 33.exd5 cxd5 34.cxd5 Bxd5 35.Rxe8+ Rxe8 36.Nb4 Be6 37.Nd5 Qg5
38.Nc7 Rc8 39.Nxe6 Rxc2 40.Nxg5 Bxg5 41.Kg1 Nc5 42.h4 Be7 43.Bc4 b6 44.h5 gxh5
45.Rd5 Rc1+ 46.Kh2 h4 47.Rf5 Ne6 48.Bxe6 fxe6 49.Rb5 Kf7 50.Bxb6 Bd6+ 51.Kh3 Bg3
52.Bd8 Rh1+ 53.Kg4 Rh2 54.f4 Rxg2 55.Bxh4 Bxh4+ 56.Kxh4 Rb2 57.Kg5 Rg2+ 58.Kh4 Rb2
59.Kg4 Kf6 60.Kf3 Rb1 61.Ke4 h5 62.Rxh5 Rxb3 63.Rxa5 Rb4+ 64.Kf3 Rb3+ 65.Kg4 Ra3
66.Ra8 Ra1 67.a5 Ra3 68.a6 Kg6 69.Kh4 Kf6 70.Kg4 Kg6 71.a7 Kg7 72.Kg5 Ra5+
73.Kh4 Ra3 74.Kg4 Kh7 75.Kg5 Kg7 76.Re8 Rxa7 77.Rxe6 Kf7 78.Rf6+ Kg7 79.Rd6 Kf7
80.f5 Kg7 81.Rg6+ Kf8 82.Rf6+ Kg7 83.Rb6 Rc7 84.Rh6 Rc1 85.f6+  1/2-1/2

[Event "Belgorod"]
[Site "Belgorod"]
[Date "1991.??.??"]
[Round "?"]
[White "Savon, Vladimir A"]
[Black "Novikov, Igor A"]
[Result "0-1"]
[WhiteElo "2465"]
[BlackElo "2545"]

1.c4 e6 2.d4 d5 3.cxd5 exd5 4.Nc3 c6 5.Bf4 Bd6 6.Bg3 Bf5 7.e3 Nf6 8.Nf3 O-O
9.Nh4 Be4 10.f3 Bg6 11.Nxg6 hxg6 12.Qd2 Re8 13.O-O-O a5 14.Kb1 a4 15.Bxd6 Qxd6
16.g4 b5 17.Bd3 Nbd7 18.g5 Nh5 19.Ne2 Nb6 20.e4 Nc4 21.Bxc4 bxc4 22.e5 Qd7
23.Ng3 a3 24.b4 Reb8 25.Ka1 Ra4 26.Rb1 Qb7 27.f4 Rxb4 28.Rxb4 Qxb4 29.Qxb4 Rxb4
30.Nxh5 gxh5 31.Rb1 Rb5 32.f5 Kf8 33.Rxb5 cxb5 34.h4 b4 35.Kb1 b3 36.axb3 cxb3
37.Kc1 Ke7 38.Kb1 g6 39.f6+ Ke6 40.Kc1 a2 41.Kb2 Kf5 42.Ka1 Ke4  0-1

[Event "Budapest"]
[Site "Budapest"]
[Date "1991.??.??"]
[Round "13"]
[White "Novikov, Igor A"]
[Black "Lukacs, Peter"]
[Result "1/2-1/2"]
[WhiteElo "2545"]
[BlackElo "2460"]

1.d4 d5 2.c4 e6 3.Nf3 Nf6 4.Nc3 c6 5.Bg5 dxc4 6.e4 b5 7.e5 h6 8.Bh4 g5 9.Nxg5 hxg5
10.Bxg5 Nbd7 11.g3 Bb7  1/2-1/2

[Event "Copenhagen op"]
[Site "Copenhagen"]
[Date "1991.??.??"]
[Round "1"]
[White "Lochte, Thomas"]
[Black "Novikov, Igor A"]
[Result "0-1"]
[WhiteElo "2250"]
[BlackElo "2545"]

1.e4 c5 2.d4 cxd4 3.c3 dxc3 4.Nxc3 Nc6 5.Bc4 e6 6.Nf3 a6 7.O-O Nge7 8.Bg5 f6
9.Bf4 Ng6 10.Bg3 Be7 11.Qe2 b5 12.Bb3 Na5 13.Bc2 O-O 14.Rad1 Qe8 15.Bc7 Nc4
16.Bb3 Ra7 17.Bb8 Rb7 18.Bg3 Na5 19.Bc2 Bd8 20.Rd6 Rb6 21.Rxb6 Bxb6 22.Bd6 Rf7
23.e5 Nc4 24.Ne4 Bb7 25.b3 Bxe4 26.Bxe4 Nxd6 27.exd6 Qb8 28.Rd1 f5 29.Bc2 Bc5
30.Qd2 b4 31.h4 Rf6 32.h5 Nf8 33.Ne5 Rh6 34.Qd3 Qe8 35.g4 fxg4 36.Nxg4 Rxh5
37.Kg2 Rg5 38.f3 h5 39.Rh1 hxg4 40.f4 Rh5  0-1

[Event "Copenhagen op"]
[Site "Copenhagen"]
[Date "1991.??.??"]
[Round "3"]
[White "Bator, Robert"]
[Black "Novikov, Igor A"]
[Result "1/2-1/2"]
[WhiteElo "2355"]
[BlackElo "2545"]

1.d4 d5 2.c4 e6 3.g3 Nf6 4.Nf3 dxc4 5.Bg2 a6 6.O-O b5 7.Ng5 c6 8.e4 Be7 9.e5 Nd5
10.Qh5 g6 11.Qh6 Bf8 12.Qh3 Qb6 13.Be3 Be7 14.Qh6 Bf8 15.Qh3 Nd7 16.Nc3 Bb7
17.a4 Be7 18.Nce4 Qc7 19.Qh6 Bf8 20.Qh3 Be7 21.Qh6 Bf8 22.Qh3  1/2-1/2

[Event "Copenhagen op"]
[Site "Copenhagen"]
[Date "1991.??.??"]
[Round "5"]
[White "Norgaard, Jesper"]
[Black "Novikov, Igor A"]
[Result "0-1"]
[WhiteElo "2305"]
[BlackElo "2545"]

1.e4 c5 2.Nf3 d6 3.d4 cxd4 4.Nxd4 Nf6 5.Nc3 a6 6.Bg5 e6 7.f4 Qb6 8.Nb3 Be7
9.Qf3 Nbd7 10.O-O-O Qc7 11.Bd3 b5 12.a3 Bb7 13.Rhe1 O-O-O 14.f5 e5 15.Bxf6 Nxf6
16.Nd5 Nxd5 17.exd5 Kb8 18.g3 Rc8 19.h4 Bf6 20.Kb1 Qb6 21.Rc1 Rc7 22.Qe4 Rhc8
23.Ka2 a5 24.c4 a4 25.Nd2 Qf2 26.Qe3 Qxe3 27.Rxe3 Bxd5 28.Be4 Bxe4 29.Nxe4 d5
30.Nd6 bxc4 31.Nxc8 Kxc8 32.g4 e4 33.Rd1 Rc5 34.g5 Be5 35.Re2 Kc7 36.h5 Rb5
37.h6 gxh6 38.Rh1 hxg5 39.Rxh7 Kd6 40.Rxf7 e3 41.Ra7 d4 42.Ra6+ Kd5 43.f6 Rb7
44.Rxa4 Bxf6 45.Ra5+ Ke4 46.Ra6 Be5 47.Re6 Rb5 48.a4 Ra5 49.Ka3 d3 50.Ka2  0-1

[Event "Copenhagen op"]
[Site "Copenhagen"]
[Date "1991.??.??"]
[Round "8"]
[White "Novikov, Igor A"]
[Black "Tischbierek, Raj"]
[Result "1-0"]
[WhiteElo "2545"]
[BlackElo "2500"]

1.d4 Nf6 2.c4 e6 3.Nf3 d5 4.Nc3 Bb4 5.Bg5 Nbd7 6.e3 c5 7.cxd5 exd5 8.dxc5 Qa5
9.Rc1 Ne4 10.Qxd5 Nxc3 11.bxc3 Bxc3+ 12.Kd1 O-O 13.Bc4 Nxc5 14.Be7 Be6 15.Qxc5 Qa4+
16.Bb3 Bxb3+ 17.axb3 Qxb3+ 18.Ke2 Rac8 19.Qf5 Rfe8 20.Rhd1 g6 21.Qd7 b5 22.Nd2 Qb2
23.Kf1  1-0

[Event "Copenhagen op"]
[Site "Copenhagen"]
[Date "1991.??.??"]
[Round "10"]
[White "Novikov, Igor A"]
[Black "Stefansson, Hannes"]
[Result "1-0"]
[WhiteElo "2545"]
[BlackElo "2450"]

1.d4 Nf6 2.c4 e6 3.Nf3 d5 4.Nc3 Be7 5.Bg5 O-O 6.e3 h6 7.Bh4 b6 8.Bd3 Bb7
9.O-O Nbd7 10.Bg3 a6 11.cxd5 exd5 12.Rc1 c5 13.Ne5 b5 14.Nxd7 Nxd7 15.dxc5 Nxc5
16.Bb1 Qd7 17.Qh5 Rac8 18.Rcd1 f5 19.Rd4 Qe6 20.Rfd1 Rcd8 21.Bc2 Kh7 22.b4 Ne4
23.Nxe4 fxe4 24.Qe5 Qxe5 25.Bxe5 Rc8 26.Bb3 Rf5 27.Bg3 Rc3 28.h3 Bf6 29.Bxd5 Bxd5
30.Rxd5 Rxd5 31.Rxd5 Ra3 32.Be5 Rxa2 33.Bxf6 gxf6 34.Rd4 f5 35.g4 Kg6 36.Kg2 h5
37.Kg3 fxg4 38.hxg4 h4+ 39.Kxh4 Rxf2 40.Rxe4 Rb2 41.Rd4 Ra2 42.Rd6+ Kf7 43.g5 a5
44.bxa5 Rxa5 45.Kh5 Ra4 46.Rd7+ Kf8 47.Kg6 Re4 48.Rd8+ Ke7 49.Rb8 Rxe3 50.Rxb5 Re1
51.Kg7  1-0

[Event "Forli op"]
[Site "Forli"]
[Date "1991.??.??"]
[Round "7"]
[White "Winterstein, Wolfgang"]
[Black "Novikov, Igor A"]
[Result "0-1"]
[WhiteElo "2280"]
[BlackElo "2545"]

1.e4 c5 2.Nf3 d6 3.d4 cxd4 4.Nxd4 Nf6 5.Nc3 a6 6.Bg5 e6 7.f4 Qb6 8.Qd2 Qxb2
9.Nb3 Nc6 10.Bd3 d5 11.Rb1 Qxc3 12.Qxc3 Bb4 13.Bxf6 gxf6 14.Kd2 Bxc3+ 15.Kxc3 Ne7
16.Nc5 b5 17.a4 bxa4 18.Nxa4 Ra7 19.Nb6 dxe4 20.Bxe4 O-O 21.Rhd1 f5 22.Bf3 Rc7+
23.Kb2 Bb7 24.Rd7 Rxd7 25.Nxd7 Bxf3 26.Nxf8 Bc6 27.Nxh7 Kxh7 28.g3 Bb5 29.Kb3 Nc6
30.c3 Kg8 31.Ra1 Bd3 32.Rd1 Be4 33.Kc4 Bf3 34.Rd7 a5 35.Kc5 f6 36.c4 e5 37.Rd6 Kf7
38.h4 Nd4 39.Rd7+ Ke6 40.Rd6+ Ke7 41.fxe5 fxe5 42.Rb6 Ne6+ 43.Kb5 e4 44.Kxa5 e3
45.Rb1 Nd4 46.Kb4 Be4 47.Rc1 e2 48.h5 Nc2+ 49.Kc3 e1=Q+ 50.Rxe1 Nxe1 51.Kd2 Nf3+
52.Ke3 Ne5 53.c5 Kf6  0-1

[Event "New York op"]
[Site "New York"]
[Date "1991.??.??"]
[Round "1"]
[White "Novikov, Igor A"]
[Black "Sidelnikov, Alexander"]
[Result "1-0"]
[WhiteElo "2545"]
[BlackElo "2270"]

1.d4 Nf6 2.c4 g6 3.Nc3 Bg7 4.e4 d6 5.Nge2 O-O 6.Ng3 e5 7.d5 a5 8.Be2 Na6
9.h4 c6 10.h5 cxd5 11.cxd5 Nc5 12.Bg5 Bd7 13.Qd2 Rb8 14.f3 b5 15.Nd1 b4 16.Bh6 a4
17.Bxg7 Kxg7 18.Ne3 Qe7 19.O-O-O Rfc8 20.Kb1 Kg8 21.hxg6 fxg6 22.Rh6 Qg7
23.Rdh1 Rd8 24.Nc4 Bb5 25.Na5 Bxe2 26.Qxe2 Rf8 27.Nc6 Rb7 28.Qd2 a3 29.b3 Qc7
30.Rc1 Qb6 31.Rc4 Na6 32.Rh1 Qb5 33.Nf1 Qb6 34.Ne3 Nh5 35.Nc2 Ng3 36.Rd1 Rbf7
37.N2xb4 Nc7 38.Nd3 Nb5 39.Qe1 Nh5 40.Qg1 Qxg1 41.Rxg1 Ng3 42.Kc2 g5 43.Kd2 g4
44.Rb4 Nc7 45.Rb7 h5 46.Rc1 Na6 47.Rxf7 Rxf7 48.Ke3 gxf3 49.gxf3 h4 50.Nf2 Rb7
51.Ng4 Nc5 52.b4 Na4 53.Nf6+ Kf8 54.Nd8 Rxb4 55.Rc7  1-0

[Event "UKR-chT"]
[Site "Simferopol"]
[Date "1991.??.??"]
[Round "?"]
[White "Galakhov, S."]
[Black "Novikov, Igor A"]
[Result "1/2-1/2"]
[WhiteElo "2300"]
[BlackElo "2545"]

1.d4 d5 2.Nf3 Nf6 3.c4 e6 4.Nc3 c6 5.cxd5 exd5 6.Bg5 Be7 7.Qc2 g6 8.e3 Bf5
9.Qd2 O-O 10.Be2 Nbd7 11.O-O Re8 12.h3 Ne4 13.Nxe4 dxe4 14.Bxe7 Qxe7 15.Nh2 a5
16.Rfc1 Be6 17.Bc4 Nf6 18.Bxe6 Qxe6 19.Rc5 b6 20.Re5 Qd6 21.Rxe8+ Rxe8 22.Qc2 Nd5
23.a3 h5 24.Rc1 Re6 25.Nf1 g5 26.Qe2 Nf6 27.Qa6 Nd5 28.Qe2  1/2-1/2

[Event "UKR-chT"]
[Site "Simferopol"]
[Date "1991.??.??"]
[Round "?"]
[White "Novikov, Igor A"]
[Black "Nosenko, Alexander"]
[Result "1/2-1/2"]
[WhiteElo "2545"]
[BlackElo "2255"]

1.d4 d5 2.c4 e6 3.Nf3 Nf6 4.Nc3 c6 5.Bg5 h6 6.Bxf6 Qxf6 7.e3 Nd7 8.Bd3 Qd8
9.O-O Be7 10.Rc1 O-O 11.Qc2 dxc4 12.Bxc4 b5 13.Be2 Bb7 14.a3 a5 15.Ne4 Qb6
16.Nc5 Nxc5 17.dxc5 Qc7 18.Nd4 Rfd8 19.Bf3 Bf6 20.Rfd1 Rd7 21.Rd2 Rad8 22.Rcd1 g6
23.g3 e5 24.Nb3 Bc8 25.Rxd7 Rxd7 26.Nd2 Be7 27.b4 a4 28.h4 h5 29.Kf1 Kg7
30.Ke2 Rd8 31.Nb1 Bf5 32.e4 Be6 33.Rxd8 Qxd8 34.Qc3 f6 35.Nd2 Kf7 36.Qd3 Qxd3+
37.Kxd3 Bf8 38.Bg2 Bh6 39.Kc2 Bg4 40.Kd3 g5 41.hxg5 Bxg5 42.Bf3  1/2-1/2

[Event "UKR-chT"]
[Site "Simferopol"]
[Date "1991.??.??"]
[Round "?"]
[White "Novikov, Igor A"]
[Black "Maksimenko, Andrei"]
[Result "1/2-1/2"]
[WhiteElo "2545"]
[BlackElo "2345"]

1.d4 d5 2.c4 e6 3.Nf3 c6 4.Qc2 Nf6 5.g3 Nbd7 6.Bg2 b6 7.O-O Ba6 8.Nbd2 Be7
9.b3 c5 10.e4 cxd4 11.exd5 d3 12.Qxd3 exd5 13.Bb2 O-O 14.Rad1 Qc7 15.Rfe1 Bb4
16.Ne5 dxc4 17.bxc4 Rae8 18.Nc6 Bc5 19.Nb3 Bb7 20.Qf3 Rc8 21.Nxc5 Bxc6 22.Qxc6 Qxc6
23.Bxc6 Nxc5 24.Bxf6 Rxc6 25.Be7 Rfc8 26.Bxc5 Rxc5 27.Rd7 Rxc4 28.Ree7 Rf8
29.Rxa7 h5 30.h4 Rcc8 31.Kg2 Rb8 32.Kf1 b5 33.Rab7 Rxb7 34.Rxb7 Ra8 35.Rxb5 Rxa2
36.Rxh5 g6 37.Rb5 Kg7 38.Kg2 Rc2 39.g4 Rc3 40.f3 Rc4 41.Kg3 Ra4 42.h5 gxh5
43.Rxh5 Kg6 44.Rb5 Ra3 45.Rf5 Ra1 46.Re5 Ra3 47.Rf5 Ra1 48.f4 Ra3+ 49.Kh4 Rf3  1/2-1/2

[Event "UKR-chT"]
[Site "Simferopol"]
[Date "1991.??.??"]
[Round "?"]
[White "Novikov, Igor A"]
[Black "Ginsburg, Gennadij"]
[Result "1-0"]
[WhiteElo "2545"]
[BlackElo "2350"]

1.d4 d5 2.c4 e6 3.Nf3 c5 4.cxd5 exd5 5.g3 Nc6 6.Bg2 Nf6 7.O-O Be7 8.Nc3 O-O
9.b3 Ne4 10.Bb2 Bf6 11.Na4 b6 12.Rc1 Re8 13.dxc5 Bxb2 14.Nxb2 bxc5 15.Na4 Ba6
16.Re1 c4 17.Nd2 Qf6 18.Nxe4 dxe4 19.bxc4 Rad8 20.Qb3 e3 21.fxe3 Ne5 22.Nc5 Ng4
23.Nxa6 Rxe3 24.Qb7 Qd4 25.Rcd1 Rd3+ 26.e3 Qxe3+ 27.Rxe3 Rxd1+ 28.Re1 Rxe1+
29.Bf1 Rde8 30.Nc7 Ne3 31.Kf2 Ng4+ 32.Kg2 Ne3+ 33.Kf3 Rxf1+ 34.Ke2 Rd8 35.Kxe3 Rc1
36.Qb3 h5 37.Nd5 h4 38.gxh4 Rh1 39.Qc2 Rg1 40.Kf2 Rg4 41.Qd1  1-0

[Event "UKR-chT"]
[Site "Simferopol"]
[Date "1991.??.??"]
[Round "?"]
[White "Ljukin, F."]
[Black "Novikov, Igor A"]
[Result "0-1"]
[WhiteElo "2340"]
[BlackElo "2545"]

1.e4 c5 2.Nf3 d6 3.d4 cxd4 4.Nxd4 Nf6 5.Nc3 a6 6.Be2 e6 7.O-O Be7 8.a4 O-O
9.Be3 Nc6 10.Kh1 Qc7 11.f4 Re8 12.Qe1 Nxd4 13.Bxd4 e5 14.fxe5 dxe5 15.Qg3 Bd8
16.Be3 Kh8 17.Bg5 Be6 18.Qh4 Ng8 19.Rad1 Bxg5 20.Qxg5 Rad8 21.Bg4 h6 22.Qh4 Bc4
23.Nd5 Rxd5 24.exd5 Bxf1 25.Rxf1 Rd8 26.Bf3 Nf6 27.c4 e4 28.Be2 Qe5 29.b3 Qb2
30.h3 Re8 31.Bh5 g5  0-1

[Event "Alicante op"]
[Site "Alicante"]
[Date "1992.??.??"]
[Round "3"]
[White "Braga, Fernando"]
[Black "Novikov, Igor A"]
[Result "1/2-1/2"]
[WhiteElo "2405"]
[BlackElo "2580"]

1.e4 c5 2.Nf3 d6 3.d4 cxd4 4.Qxd4 a6 5.c4 Nc6 6.Qd2 g6 7.Nc3 Bh6 8.Qc2 Bg7
9.Be3 Nf6 10.h3 O-O 11.Be2 Be6 12.O-O Qa5 13.Nd5 Nd7 14.a3 Rfc8 15.b4 Qd8
16.Rac1 Nce5 17.Nxe5 Bxe5 18.Qd2 Bg7 19.c5 Rc6 20.Rfd1 Rac8 21.Bg5 f6 22.Be3 Bf7
23.cxd6 exd6 24.Rxc6 bxc6 25.Nf4 Ne5 26.Bxa6 Ra8 27.b5 Nc4  1/2-1/2

[Event "Alicante op"]
[Site "Alicante"]
[Date "1992.??.??"]
[Round "5"]
[White "Krylov, Sergey"]
[Black "Novikov, Igor A"]
[Result "0-1"]
[WhiteElo "2270"]
[BlackElo "2580"]

1.e4 c5 2.Nf3 d6 3.d4 cxd4 4.Nxd4 Nf6 5.Nc3 a6 6.Be2 e6 7.O-O Be7 8.f4 O-O
9.Kh1 Qc7 10.Qe1 b5 11.Bf3 Bb7 12.e5 Ne8 13.a3 Nd7 14.Bd2 Rc8 15.Rd1 Nb6
16.Bc1 Nc4 17.Bxb7 Qxb7 18.exd6 Nexd6 19.b3 Nb6 20.Bb2 Rfe8 21.Rd3 Bf6 22.Nf3 Nd5
23.Ne5 Nxc3 24.Rxd6 Nd5 25.Rd7 Rc7 26.Rxc7 Qxc7 27.Qe4 Rc8 28.Rf2 Nc3 29.Qe1 Bxe5
30.fxe5 h6 31.h3 Qc5 32.Bxc3 Qxc3 33.Rd2 Qb2 34.a4 bxa4 35.bxa4 Rxc2 36.Rd8+ Kh7
37.Qe4+ g6 38.Rd7 Kg7 39.Ra7 Qc1+ 40.Kh2 Rc4 41.Qf3 Rf4  0-1

[Event "Alicante op"]
[Site "Alicante"]
[Date "1992.??.??"]
[Round "6"]
[White "Novikov, Igor A"]
[Black "Danailov, Silvio"]
[Result "1/2-1/2"]
[WhiteElo "2580"]
[BlackElo "2445"]

1.d4 Nc6 2.Nf3 d5 3.c4 Bg4 4.Qa4 Bxf3 5.gxf3 e6 6.Nc3 Qd7 7.e3 Nge7 8.Bd2 g6
9.Bh3 Bg7 10.cxd5 Nxd5 11.Nxd5 Qxd5 12.Bg2 e5 13.dxe5 O-O-O 14.Bc3 Bxe5 15.O-O Bxc3
16.bxc3 Qa5 17.Qb3 Rd7 18.f4 Nd8 19.Rab1 c6 20.Qc4 Re8 21.Rb4 Re6 22.Rfb1 Red6
23.Qb3 Rd2 24.Bh3 f5 25.Ra4 Qc5 26.Bf1 Kb8 27.Rd4 Qe7 28.Rb2  1/2-1/2

[Event "Alicante op"]
[Site "Alicante"]
[Date "1992.??.??"]
[Round "7"]
[White "Sorin, Ariel"]
[Black "Novikov, Igor A"]
[Result "1/2-1/2"]
[WhiteElo "2415"]
[BlackElo "2580"]

1.d4 d5 2.c4 e6 3.Nc3 c6 4.cxd5 exd5 5.Bf4 Bf5 6.e3 Bd6 7.Bg3 Nf6 8.Bd3 Bxd3
9.Qxd3 O-O 10.Nf3 Re8 11.Nd2 Qe7 12.O-O Nbd7 13.Rab1 a5 14.Rfc1 Bxg3 15.hxg3 Ng4
16.Qf5 Ndf6 17.Re1 Rad8 18.Re2 Nh6 19.Qg5 Qc7 20.Qf4 Qe7 21.Qg5 Qc7 22.Qf4 Qe7  1/2-1/2

[Event "Alushta"]
[Site "Alushta"]
[Date "1992.??.??"]
[Round "4"]
[White "Buturin, Vladimir"]
[Black "Novikov, Igor A"]
[Result "0-1"]
[WhiteElo "2415"]
[BlackElo "2585"]

1.e4 c5 2.Nc3 d6 3.f4 g6 4.d4 cxd4 5.Qxd4 Nf6 6.e5 Nc6 7.Bb5 Nh5 8.e6 Bg7
9.Bxc6+ bxc6 10.exf7+ Kxf7 11.Qc4+ Be6 12.Qxc6 Rc8 13.Qf3 Bxc3+ 14.bxc3 Nf6
15.Ne2 Qa5 16.O-O Bg4 17.Qd3 Qf5 18.Qxf5 Bxf5 19.Be3 Rc7 20.Bd4 Bxc2 21.Ng3 Bf5
22.Nxf5 gxf5 23.Rab1 Rhc8 24.Rb5 Kg6 25.Re1 h5 26.Re6 Rf8 27.Ra5 Rb7 28.h3 h4
29.Bf2 Kf7 30.Re3 e6 31.Bxh4 Nd5 32.Rf3 Rc8 33.Bf2 Nxc3 34.Rxa7 Rxa7 35.Bxa7 Nxa2
36.Rb3 Nc3 37.Kh2 Rc4 38.Bb8 Ne4 39.Rb7+ Kg6 40.Rd7 Ra4 41.Rb7 Ra2 42.Rb3 Rd2
43.Ba7 Nf6 44.Be3 Rd1 45.Kg3 Rf1 46.Rd3 Ne4+ 47.Kh2 e5 48.fxe5 dxe5 49.Bb6 f4
50.Rf3 Rc1 51.Bf2 Nd2  0-1

[Event "Alushta"]
[Site "Alushta"]
[Date "1992.??.??"]
[Round "6"]
[White "Savon, Vladimir A"]
[Black "Novikov, Igor A"]
[Result "1/2-1/2"]
[WhiteElo "2420"]
[BlackElo "2585"]

1.e4 c5 2.Nf3 d6 3.d4 cxd4 4.Nxd4 Nf6 5.Nc3 a6 6.f4 e5 7.Nf3 Nbd7 8.a4 Be7
9.Bd3 O-O 10.O-O Nc5 11.Qe1 exf4 12.Bxf4 Re8 13.Kh1 Bg4 14.Be3 Rc8 15.Nd4 Qd7
16.Qg3 Bd8 17.h3 Bh5 18.Nf5 Bg6 19.Bd4 Nh5 20.Qg4 Ne6 21.Be3 Nf6 22.Qf3  1/2-1/2

[Event "Alushta"]
[Site "Alushta"]
[Date "1992.??.??"]
[Round "7"]
[White "Novikov, Igor A"]
[Black "Lokasto, Anatol"]
[Result "1-0"]
[WhiteElo "2585"]
[BlackElo "2330"]

1.d4 Nf6 2.c4 d6 3.Nc3 Nbd7 4.e4 e5 5.Nge2 exd4 6.Nxd4 g6 7.Be2 Bg7 8.O-O O-O
9.Kh1 c6 10.Bg5 Re8 11.f3 a5 12.Nc2 Re6 13.Qd2 a4 14.Rfd1 Qf8 15.Rab1 h6
16.Be3 Ne8 17.Nd4 Re7 18.g4 Ne5 19.Rg1 Nf6 20.Rbd1 Kh7 21.Rg3 Ned7 22.Rdg1 Nc5
23.Nf5 gxf5 24.gxf5 Ne8 25.Rh3 f6 26.Bxh6 Bxh6 27.Rg6 Rg7 28.Rgxh6+ Kg8 29.Rh8+ Kf7
30.Rxf8+ Kxf8 31.Rh8+ Kf7 32.Qh6 Bd7 33.f4  1-0

[Event "EU-chT (Men)"]
[Site "Debrecen"]
[Date "1992.??.??"]
[Round "1"]
[White "Berzinsh, Roland"]
[Black "Novikov, Igor A"]
[Result "1/2-1/2"]
[WhiteElo "2390"]
[BlackElo "2580"]

1.e4 c5 2.Nc3 d6 3.f4 g6 4.Nf3 Bg7 5.Bc4 Nc6 6.O-O e6 7.d3 Nge7 8.Qe1 h6
9.Bd2 O-O 10.Bb3 d5 11.Rd1 f5 12.exd5 exd5 13.Kh1 Kh8 14.Qg3 Be6 15.Ne2 Qd7
16.Rde1 Bg8 17.c3 d4 18.c4 a6 19.Bd1 b5 20.b3 Rab8 21.h4 a5 22.Ne5 Qd6 23.Ng1 Nb4
24.a3 Nbc6 25.Rf2 b4  1/2-1/2

[Event "EU-chT (Men)"]
[Site "Debrecen"]
[Date "1992.??.??"]
[Round "3"]
[White "Rogozenko, Dorin"]
[Black "Novikov, Igor A"]
[Result "1/2-1/2"]
[WhiteElo "2305"]
[BlackElo "2580"]

1.d4 d5 2.c4 e6 3.Nf3 Nf6 4.Bg5 h6 5.Bxf6 Qxf6 6.Nc3 c6 7.e3 Nd7 8.Rc1 g6
9.Be2 dxc4 10.Bxc4 Bg7 11.O-O O-O 12.Bb3 Qe7 13.Re1 Rd8 14.Ne4 e5 15.Qc2 Nf8
16.Nxe5 Bxe5 17.dxe5 Qxe5 18.f4 Qf5 19.Qb1 Be6 20.Nc5 Qxb1 21.Rxb1 Bxb3 22.Nxb3 b6
23.Rbd1 Ne6 24.Kf2 c5 25.Rxd8+ Rxd8 26.Rc1 Kf8 27.Ke2 Ke7 28.a4 Rd5  1/2-1/2

[Event "Helsinki op"]
[Site "Helsinki"]
[Date "1992.??.??"]
[Round "3"]
[White "Geller, Efim P"]
[Black "Novikov, Igor A"]
[Result "1/2-1/2"]
[WhiteElo "2525"]
[BlackElo "2585"]

1.e4 c5 2.Nf3 d6 3.d4 cxd4 4.Nxd4 Nf6 5.Nc3 a6 6.Be2 e6 7.O-O Be7 8.f4 Qc7
9.Qe1 O-O 10.Qg3 Nc6 11.Be3 Nxd4 12.Bxd4 b5 13.e5 dxe5 14.fxe5 Nd7 15.Ne4 Bb7
16.Nd6 Bd5 17.Bd3 f6 18.Qh4 h6 19.Qg3 Rad8 20.Qg6 f5 21.Rae1 Nxe5 22.Rxe5 Bxd6
23.Rxe6 Bc5 24.Bf2 Bxe6 25.Qxe6+ Kh8 26.Qxa6 b4 27.Qb5 Bxf2+ 28.Rxf2 Qd6
29.Qc4 Qb6 30.g3 Rd4 31.Qb5 Qxb5 32.Bxb5 g6 33.c3 Rd1+ 34.Kg2 Ra8 35.cxb4 Rxa2
36.Bc4 Ra7 37.Kf3 Re7 38.b5 Kg7 39.b3 g5 40.Ra2 Rd4 41.Kf2 g4 42.h3 h5 43.hxg4 hxg4
44.Ra8 Rd2+ 45.Kf1 Kf6 46.b6 Rb7 47.Rf8+ Kg6 48.Rg8+ Kh7 49.Rg5 Rxb6 50.Rxf5 Rh6
51.Ke1 Rb2 52.Be2 Rh1+ 53.Rf1 Rb1+ 54.Kf2 Rhxf1+ 55.Bxf1 Rxb3 56.Be2 Rb4
57.Ke3 Kg6 58.Bd3+ Kg5 59.Be4 Rb3+ 60.Kf2 Rc3 61.Bd5 Kf5 62.Bb7 Ke5 63.Kg2 Kd4
64.Kf2 Rc7 65.Ba8 Rf7+ 66.Kg2 Ke3 67.Bd5 Rc7 68.Kg1 Rc5 69.Bb7 Kd4 70.Kf2 Rc7
71.Ba8 Rf7+ 72.Kg1 Re7 73.Kf2 Kc5 74.Kg1 Re5 75.Kf2 Kb6 76.Kg1 Ra5 77.Be4 Kc5
78.Kf2 Kd4 79.Bc6  1/2-1/2